000 00631nam a22002177a 4500
005 20230322034832.0
008 230322b |||||||| |||| 00| 0 eng d
020 _a978-0-316-21913-6
082 _aFic. Sa241 2013
100 _aSapkowski, Andrzej
_eauthor
245 _aThe time of contempt /
_cAndrzej Sapkowski; translated by David French
260 _aNew York:
_bOrbit,
_cc2013
300 _a347p.
490 _aThe witcher; no. 2
541 _e5518
650 _aWizards - Fiction
650 _aParanormal fiction
650 _aMonsters - Fiction
650 _aAssassins - Fiction
700 _aFrench, David
_etranslator
999 _c1941
_d1941